La balada del álamo carolina /

Un libro de cuentos inolvidable, que con una prosa muy precisa recupera los recuerdos del pueblo que se abandonó para perseguir los sueños de la gran ciudad. De la periferia al centro y de vuelta a la periferia desde la memoria del espacio, los olores, los vecinos y el álamo carolina. Es un libro ce...

Descripción completa

Guardado en:
Autor Principal: Conti, Haroldo.
Formato: Libro
Idioma:Undetermined
Publicado: Buenos Aires : Emecé, 2023.
Edición:1a ed.
Series:Identidades bonaerenses
Materias:
Etiquetas: Agregar Etiqueta
Sin Etiquetas, Sea el primero en etiquetar este registro!
LEADER 02090nam a22002895a 4500
001 CEM.cems024873
008 250821s2023####ag############000#0#und#d
005 20250825100427.0
245 1 0 |a La balada del álamo carolina /  |c Haroldo Conti. 
250 |a 1a ed. 
260 |a Buenos Aires :  |b Emecé,  |c 2023. 
300 |a 177 p. 
490 1 |a Identidades bonaerenses 
500 |a Edición especial de la Dirección de Cultura y Educación de la Provincia de Buenos Aires. 
500 |a Sugerencia de edad: a A partir de ciclo orientado. Requiere acompañamiento docente. 
505 0 |a La balada del álamo carolina -- Las Doce a Bragado -- Mi madre andaba en la luz -- Perfumada noche -- As Astra -- Devociones -- Bibliográfica -- Homenajes -- Los caminos -- Memoria y celebración -- Tristezas de la otra banda 
520 |a Un libro de cuentos inolvidable, que con una prosa muy precisa recupera los recuerdos del pueblo que se abandonó para perseguir los sueños de la gran ciudad. De la periferia al centro y de vuelta a la periferia desde la memoria del espacio, los olores, los vecinos y el álamo carolina. Es un libro central en la narrativa argentina que se proponía escribir a contrapelo del boom latinoamericano y las representaciones del espacio consagradas en la década de 1960. Un libro de evocación, que recupera el origen como un rasgo ineludible de la identidad. Conti nos lleva a su infancia, y de su mano volvemos al pueblo de Chacabuco, a la casa paterna, a su paisaje, a sus habitantes y a esos espacios que tanto amaba, recuperados por la memoria y la emoción. 
020 |a 9789500442336 
100 1 |a Conti, Haroldo. 
653 |a Literatura argentina 
653 |a Narrativa argentina 
653 |a Cuento argentino 
653 |a Identidades bonaerenses 
859 |a CEMS  |b BIB. CEMS - Agricultura  |h A868.4  |i C767-1  |p A3988.25  |t Ej.1 
859 |a CEMS  |b BIB. CEMS - Ccias. Educacion  |h A868.4  |i C767  |k CE  |p 30240.25  |t Ej.1 
859 |a CEMS  |b BIB. CEMS - 11 de abril  |h A868.4  |i C767-1  |p 30238.25  |t Ej.1 
859 |a CEMS  |b BIB. CEMS - 11 de abril  |h A868.4  |i C767-1  |p 30239.25  |t Ej.2